Perspectives on multimodality

Guardat en:
Dades bibliogràfiques
Autors principals: Ventola, Eija (Autor), Charles, Cassily (Autor), Kaltenbacher, Martin (Autor)
Format: Llibre
Idioma:anglès
Publicat: Amsterdam John Benjamins 2004
Edició:1a. ed
Col·lecció:Document Design Companion Series, 6
Matèries:
Etiquetes: Afegir etiqueta
Sense etiquetes, Sigues el primer a etiquetar aquest registre!

MARC

LEADER 00000nam a2200000 a 4500
001 UCK5673
003 CL-VaPUC
008 050812e20040000NE |||||||||||||||||eng|d
020 |a 9027232067 
082 0 4 |a 401.41  |b VEN  |2 21 
100 0 |a Ventola, Eija  |e author  |9 494574 
700 0 |a Charles, Cassily  |e author  |9 494575 
700 0 |a Kaltenbacher, Martin  |e author  |9 494576 
245 1 0 |a Perspectives on multimodality 
250 |a 1a. ed 
300 |a 249 p 
942 |c BK 
945 |d 20050812 00:00:00  |a jcarroza 
260 |a Amsterdam  |b John Benjamins   |c 2004 
650 0 |a Semiótica  |9 265317 
650 0 |a Investigación lingüística  |9 329785 
650 0 |a Análisis del discurso  |9 256696 
583 |a last modification  |c 20050812 00:00:00  |k Rodrigo Vera 
490 0 |a Document Design Companion Series, 6 
999 |c 314169  |d 314167 
952 |0 0  |1 0  |4 0  |6 401_410000000000000_VEN_2004  |7 0  |8 A  |9 386162  |a FDOPOS  |b FDOPOS  |d 2019-11-22  |i 4153170  |l 3  |o 401.41 VEN 2004  |p 4153170  |r 2025-01-22  |s 2020-10-08  |w 2019-11-22  |y BK  |k MLA 
952 |0 0  |1 0  |4 0  |6 401_410000000000000_VEN_2004  |7 0  |8 A  |9 386163  |a FDOPOS  |b FDOPOS  |d 2019-11-22  |i 4593723  |o 401.41 VEN 2004  |p 4593723  |r 2025-01-22  |w 2019-11-22  |y BK  |k DLA